The conscious universe : part and whole in modern physical theory /

The authors show that a generalized principle of complementarity is pervasive not only in physical theories such as cosmological models of the universe but also in the constructions of all human realities. They suggest that consciousness can no longer be divorced from the problem of the way science...

Full description

Saved in:
Bibliographic Details
Main Author: Kafatos, Minas C.
Other Authors: Nadeau, Robert, 1944-
Format: Book
Language:English
Published: New York : Springer-Verlag, c1990.
Subjects:
Tags: Add Tag
No Tags, Be the first to tag this record!
LEADER 02362pam a2200337 a 4500
001 002107969-2
005 20131114023340.0
008 900124s1990 nyuaf b 00110 eng
010 |a  90031417  
020 |a 0387972625 
020 |a 3540972625 (Berlin) 
035 0 |a ocm21081325 
040 |a DLC  |c DLC  |d HLS 
050 0 0 |a Q175  |b .K13 1990X 
050 0 0 |a Q175  |b .K13 1990 
082 0 0 |a 501  |2 20 
100 1 |a Kafatos, Minas C. 
245 1 4 |a The conscious universe :  |b part and whole in modern physical theory /  |c Menas Kafatos, Robert Nadeau. 
260 0 |a New York :  |b Springer-Verlag,  |c c1990. 
300 |a vii, 214 p., [2] p. of plates :  |b ill. (some col.) ;  |c 23 cm. 
504 |a Includes bibliographical references (p. 201-209) and index. 
505 0 |a Contents: Introduction -- Leaving the Realm of the Visualizable: Waves Quanta, and the Rise of Quantum Theory -- The Strange New World of the Quantum -- Bell's Theorem and the Aspect Experiments: Coming to Terms with Quantum Non-local Reality -- Changing the Rules: The New Epistemology of Science -- Searching for the Ground: Mutation, Mind and the Epistemology of Science -- Science and the Quest for a New Metaphysics -- The Road Untraveled: Enlarging the New Logical Framework of Complementarity -- The Emergence of a New Vision: The Unfolding Universe -- The Ceremony of Innocence: Science and Ethics -- Appendix -- Notes -- Index. 
520 |a The authors show that a generalized principle of complementarity is pervasive not only in physical theories such as cosmological models of the universe but also in the constructions of all human realities. They suggest that consciousness can no longer be divorced from the problem of the way science operates. The book concludes by making the case that this realization entails a new way of understanding the universe that could obviate much of the current conflict between science and religion, while providing at the same time a basis for valuation that is better suited for coordinating all human experience. - Back cover. 
650 0 |a Science  |x Philosophy. 
650 0 |a Physics  |x Philosophy. 
650 0 |a Quantum theory. 
650 0 |a Physics. 
700 1 |a Nadeau, Robert,  |d 1944- 
776 0 8 |i Online version:  |a Kafatos, Minas C.  |t Conscious universe.  |d New York : Springer-Verlag, ©1990  |w (OCoLC)643913098 
988 |a 20020608 
906 |0 DLC